[Event "AUTO-ADV-3278"]
[Site "http://www.queenalice.com/game.php?id=1319941"]
[Date "2014.11.2"]
[Round "1"]
[White "miltonloviski"]
[Black "deutscher_2503"]
[Result "0-1"]
[WhiteElo "1993"]
[BlackElo "2006"]

1. e4 c5 2. Nf3 d6 3. a3 Nc6 4. Bb5 g6 5. d4 cxd4 6. Qxd4 Nf6 7. b4 Bd7 8. Bxc6
Bxc6 9. Nc3 Bg7 10. Qd3 Nxe4 11. Bd2 Qb6 12. O-O Nxd2 13. Nxd2 Rc8 14. Rae1 Bxg2
15. Kxg2 Rxc3 16. Qe2 e6 17. Nb3 Qc6+ 18. Kg1 Rxc2 19. Qd1 O-O 20. Re3 d5 21.
Nc5 Rc3 22. Rxc3 Bxc3 23. Qb3 Bd4 24. Rc1 Rc8 25. Nd3 Qd7 26. Rxc8+ Qxc8 27. b5
Qc3 28. Qxc3 Bxc3 29. Kf1 Kf8 30. Ke2 Ke7 31. Nc5 b6 32. Nb3 g5 33. h3 f5 34.
Kd3 Be5 35. a4 h5 36. Nd2 Kd6 37. Nf3 g4 38. hxg4 fxg4 39. Nh4 Kc5 40. Ng2 Kb4
0-1

[Event "AUTO-ADV-3278"]
[Site "http://www.queenalice.com/game.php?id=1319942"]
[Date "2014.11.2"]
[Round "1"]
[White "deutscher_2503"]
[Black "Capixaba789"]
[Result "1-0"]
[WhiteElo "1937"]
[BlackElo "1884"]

1. d4 Nf6 2. c4 d5 3. Nc3 Ne4 4. Nxd5 e5 5. Nf3 c6 6. Nc3 Nxc3 7. bxc3 e4 8. Ng5
Bf5 9. Qc2 Qe7 10. a4 Nd7 11. f3 Bg6 12. Nxe4 f5 13. Nf2 Nb6 14. e3 O-O-O 15.
Be2 f4 16. e4 Qc7 17. Nd3 Nxc4 18. Bxf4 Qf7 19. g3 Bd6 20. e5 Bc7 21. O-O Rhe8
22. Rfb1 Ba5 23. Qb3 b6 24. Bg5 Rd7 25. Re1 Bf5 26. Nb2 Be6 27. Bxc4 Bxc4 28.
Nxc4 Qg8 29. Nxa5 bxa5 30. e6 Rb7 31. Qc4 1-0

[Event "AUTO-ADV-3278"]
[Site "http://www.queenalice.com/game.php?id=1319943"]
[Date "2014.11.2"]
[Round "1"]
[White "Capixaba789"]
[Black "deutscher_2503"]
[Result "0-1"]
[WhiteElo "1900"]
[BlackElo "1815"]

1. e4 c5 2. Nf3 Nc6 3. d3 d6 4. Nc3 Nf6 5. Be2 g6 6. Bd2 Bg7 7. Qc1 O-O 8. Bh6
Bg4 9. Bxg7 Kxg7 10. Nd1 a6 11. Ne3 Bh5 12. h3 Bxf3 13. Bxf3 Nd4 14. c3 Nxf3+
15. gxf3 e6 16. Ng4 b5 17. Qe3 Nd7 18. h4 h5 19. Qh6+ Kg8 20. Ne3 Qf6 21. O-O-O
Qxf3 22. Rdg1 Ne5 23. Rd1 Nxd3+ 0-1

[Event "Challenge"]
[Site "http://www.queenalice.com/game.php?id=1324928"]
[Date "2014.11.28"]
[Round "-"]
[White "jpribeiro"]
[Black "deutscher_2503"]
[Result "1-0"]
[WhiteElo "1945"]
[BlackElo "2054"]

1. e4 c5 2. Nf3 d6 3. Bc4 Nf6 4. d3 g6 5. Nc3 Nc6 6. h3 Bg7 7. Be3 e6 8. Qd2 O-O
9. Bg5 a6 10. a4 Qb6 11. O-O-O Qc7 12. Kb1 Bd7 13. Qf4 Nh5 14. Qd2 Rfb8 15. g4
Nf6 16. Bh6 Na7 17. Bxg7 Kxg7 18. h4 Nxg4 19. h5 Rh8 20. hxg6 hxg6 21. Qf4 f5
22. exf5 exf5 23. Nd5 Qc6 24. Qg5 Raf8 25. Ne7 1-0

[Event "AUTO-ADV-3278"]
[Site "http://www.queenalice.com/game.php?id=1338166"]
[Date "2015.1.30"]
[Round "2"]
[White "deutscher_2503"]
[Black "BboyH"]
[Result "1-0"]
[WhiteElo "2049"]
[BlackElo "1892"]

1. d4 e6 2. e4 d5 3. exd5 exd5 4. c4 Be6 5. Nf3 Nf6 6. Nc3 dxc4 7. Bxc4 c6 8.
Bxe6 fxe6 9. Qb3 Qd6 10. Qxb7 Nfd7 11. Qxa8 Qc7 12. Bf4 e5 13. Bxe5 Nxe5 14.
Nxe5 Bd6 15. Nxc6 O-O 16. Nxb8 Rxb8 17. Qd5+ Kh8 18. O-O Bxh2+ 19. Kh1 Rd8 20.
Rfe1 Bf4 21. Re4 h6 22. Qf5 Bg5 23. Rae1 Qc6 24. f4 Bf6 25. d5 Qa8 26. d6 Rf8
27. d7 Bxc3 28. Qxf8+ Qxf8 29. Re8 1-0

[Event "AUTO-ADV-3278"]
[Site "http://www.queenalice.com/game.php?id=1338167"]
[Date "2015.1.30"]
[Round "2"]
[White "BboyH"]
[Black "deutscher_2503"]
[Result "0-1"]
[WhiteElo "1892"]
[BlackElo "2122"]

1. d4 d5 2. Nf3 g6 3. e3 Bg7 4. c4 c6 5. Nc3 Nf6 6. Bd3 Bg4 7. h3 Bd7 8. b3 O-O
9. O-O dxc4 10. bxc4 a6 11. a4 e6 12. Ba3 Re8 13. Bd6 Bc8 14. c5 Nd5 15. Nxd5
exd5 16. Ne5 Nd7 17. f4 f6 18. Nxd7 Bxd7 19. Re1 Bf8 20. Bxf8 Kxf8 21. h4 f5 22.
h5 Re6 23. hxg6 Rxg6 24. Qh5 Qf6 25. Qxh7 Qg7 26. Qh3 Rg3 27. Qh2 Kf7 28. Kf2
Rg8 29. Rg1 Rg4 30. Rab1 Bc8 31. Be2 Rh8 32. Qxh8 Qxh8 33. Bxg4 fxg4 34. Rh1 Qg7
35. Rh4 Qg6 36. Rb2 g3+ 37. Ke2 Qe4 38. Rd2 Qxg2+ 39. Kd3 Qe4+ 40. Ke2 Qg2+ 41.
Kd3 Qxd2+ 42. Kxd2 g2 0-1

[Event "Challenge"]
[Site "http://www.queenalice.com/game.php?id=1341345"]
[Date "2015.2.13"]
[Round "-"]
[White "JCOELHO"]
[Black "deutscher_2503"]
[Result "0-1"]
[WhiteElo "2142"]
[BlackElo "2158"]

1. e4 c5 2. Nf3 d6 3. Nc3 Nf6 4. d4 cxd4 5. Nxd4 a6 6. Bf4 e5 7. Bg3 exd4 8.
Qxd4 Nc6 9. Qa4 Bd7 10. O-O-O Be7 11. Bd3 Ne5 12. Qb3 O-O 13. h4 b5 14. f4 Nxd3+
15. Rxd3 Bc6 16. h5 Nxe4 17. h6 Nxg3 18. Rxg3 g6 19. Nd5 Bxd5 20. Qxd5 Bf6 21.
c3 Rc8 22. f5 Rc5 23. Qb3 Bg5+ 24. Kb1 Rxf5 25. a4 Qb6 26. c4 b4 27. Rc3 Rf2 28.
g4 Qc6 29. Rch3 Bf6 30. R1h2 Qe4+ 31. Ka2 Rf1 32. Qxb4 Qxg4 33. Rb3 Qg1 34. Ra3
Qxh2 35. c5 dxc5 36. Qb6 Rb8 37. Qxb8+ Qxb8 38. Rb3 Qxb3+ 39. Kxb3 Rf4 40. a5
Rb4+ 41. Ka3 Rxb2 42. Ka4 c4 43. Ka3 c3 44. Ka4 c2 45. Ka3 c1=Q 46. Ka4 Qa1# 0-1

[Event "Challenge"]
[Site "http://www.queenalice.com/game.php?id=1341346"]
[Date "2015.2.13"]
[Round "-"]
[White "deutscher_2503"]
[Black "JCOELHO"]
[Result "1-0"]
[WhiteElo "2132"]
[BlackElo "2142"]

1. d4 d5 2. c4 Nf6 3. Nf3 Nc6 4. Nc3 Bg4 5. e3 e5 6. dxe5 Nxe5 7. Be2 Nxf3+ 8.
Bxf3 h5 9. cxd5 Bb4 10. Qa4+ Qd7 11. Qxb4 O-O-O 12. Bxg4 hxg4 13. O-O Nxd5 14.
Nxd5 Qxd5 15. Qxg4+ Kb8 16. e4 Qd6 17. Bf4 Qb6 18. Rac1 Rd7 19. Qxd7 Rc8 20.
Bxc7+ Qxc7 21. Rxc7 Rxc7 22. Qd8+ Rc8 23. Qxc8+ Kxc8 24. Rd1 g6 25. f4 Kc7 26.
e5 a5 27. h4 Kc6 28. g4 b5 29. h5 gxh5 30. gxh5 a4 31. h6 Kc5 32. h7 Kb4 33.
h8=Q Kc4 34. Qc8+ Kb4 35. Qc3# 1-0

[Event "Challenge"]
[Site "http://www.queenalice.com/game.php?id=1341569"]
[Date "2015.2.14"]
[Round "-"]
[White "JCOELHO"]
[Black "deutscher_2503"]
[Result "0-1"]
[WhiteElo "2142"]
[BlackElo "2094"]

1. e4 c5 2. Nf3 d6 3. Nc3 Nf6 4. d4 cxd4 5. Nxd4 h6 6. Be3 a6 7. h3 b5 8. Qf3
Bb7 9. Bd3 Nbd7 10. O-O-O Ne5 11. Qe2 Nxd3+ 12. Rxd3 b4 13. Na4 Bxe4 14. Rb3
Bxg2 15. Rg1 Be4 16. Rxb4 e5 17. Nf3 Rc8 18. Qxa6 Rxc2+ 19. Kd1 Rc6 20. Qxc6+
Bxc6 21. Rb6 Bxf3+ 22. Ke1 Nd5 23. Rb5 Nxe3 24. fxe3 Qh4+ 25. Kd2 Qf2+ 26. Kd3
Be2+ 27. Ke4 Qf3# 0-1

[Event "Challenge"]
[Site "http://www.queenalice.com/game.php?id=1341570"]
[Date "2015.2.14"]
[Round "-"]
[White "deutscher_2503"]
[Black "JCOELHO"]
[Result "1-0"]
[WhiteElo "2140"]
[BlackElo "2142"]

1. e4 e5 2. Nf3 Nc6 3. Bb5 d6 4. O-O Nf6 5. Re1 Ng4 6. c3 Bd7 7. d4 a6 8. Ba4 b5
9. Bc2 h5 10. h3 Nf6 11. Bg5 Be7 12. d5 Na5 13. Nbd2 c6 14. Nb3 Nc4 15. Rb1 a5
16. dxc6 Bxc6 17. Nh4 O-O 18. Nf5 a4 19. Nd2 a3 20. Nxc4 bxc4 21. Nxe7+ Qxe7 22.
b4 Qe6 23. Bxf6 Qxf6 24. Qxh5 g6 25. Qf3 Qh4 26. b5 Bb7 27. Qe3 Kg7 28. Qb6 Bc8
29. Qxd6 Bxh3 30. Qxe5+ Kg8 31. gxh3 Rad8 32. Qg3 Qf6 33. e5 Qg7 34. Qf4 g5 35.
Qxc4 Rc8 36. Qb3 Rfe8 37. e6 f5 38. Bxf5 Rxc3 39. Qd5 Kh8 40. b6 Rf3 41. Qxf3
Rf8 42. e7 Re8 43. Qh5+ Kg8 44. Qxe8+ Qf8 45. Qxf8# 1-0

[Event "Só jogo 7 dias...vem !"]
[Site "http://www.queenalice.com/game.php?id=1348261"]
[Date "2015.3.18"]
[Round "-"]
[White "deutscher_2503"]
[Black "adelio"]
[Result "1-0"]
[WhiteElo "2132"]
[BlackElo "1714"]

1. d4 d5 2. c4 e6 3. Nf3 g6 4. Nc3 Bd7 5. Bg5 f6 6. Bh4 a5 7. e3 a4 8. cxd5 b5
9. dxe6 Bxe6 10. Bxb5+ c6 11. Bxa4 Bb4 12. O-O Bd6 13. Rc1 Bg4 14. h3 Bxf3 15.
Qxf3 h5 16. Bxc6+ Nxc6 17. Nd5 Rc8 18. Nxf6+ Nxf6 19. Bxf6 Rf8 20. Qe4+ Ne7 21.
Bxe7 Bxe7 22. Qxg6+ Rf7 23. Qxh5 Rb8 24. d5 Rxb2 25. Qh8+ Rf8 26. Qxb2 Qxd5 27.
Rc8+ Kf7 28. Rxf8+ Bxf8 29. Qb3 Qxb3 30. axb3 Be7 31. g4 Kg6 32. f4 Kf6 33. g5+
Kf5 34. h4 Kg4 35. f5 Kxh4 36. f6 Bc5 37. f7 Bxe3+ 38. Rf2 Bc5 39. g6 Kh5 40. g7
Bxf2+ 41. Kxf2 Kg6 42. f8=Q Kh5 43. g8=Q Kh4 44. Qh6# 1-0

[Event "Só jogo 7 dias...vem! Parte II"]
[Site "http://www.queenalice.com/game.php?id=1348262"]
[Date "2015.3.18"]
[Round "-"]
[White "adelio"]
[Black "deutscher_2503"]
[Result "0-1"]
[WhiteElo "1710"]
[BlackElo "2132"]

1. d4 Nf6 2. c4 e6 3. a3 c6 4. Nc3 d5 5. e4 dxe4 6. Be2 c5 7. d5 Be7 8. h4 exd5
9. h5 d4 10. Nd5 Nxd5 11. cxd5 d3 12. Bf1 Qxd5 13. Be3 Nc6 14. Qd2 O-O 15. g3
Bf6 16. Rc1 b6 17. b4 Bg4 18. bxc5 Bd4 19. Rh4 Bxh5 20. Nh3 Bf3 21. Ng5 h6 22.
Nxf3 Bxe3 23. fxe3 exf3 24. Rcc4 bxc5 25. Kf2 g5 26. Rhe4 Ne5 27. Qc3 Nxc4 28.
Rxc4 d2 29. Rxc5 Qa2 30. Qc2 Qxc2 31. Rxc2 d1=Q 32. Re2 fxe2 33. Bxe2 Qxe2+ 34.
Kxe2 h5 35. Kf3 f5 36. a4 Kf7 37. a5 Ke6 38. a6 Ke5 39. Kf2 Ke4 40. Ke2 g4 41.
Kf2 Kd3 42. Kg2 Ke2 43. Kh2 Kf2 44. Kh1 Rfd8 45. e4 Kxg3 46. exf5 Rd1# 0-1

[Event "AUTO-OPEN-3464"]
[Site "http://www.queenalice.com/game.php?id=1352307"]
[Date "2015.4.7"]
[Round "1"]
[White "yclaudiu35"]
[Black "deutscher_2503"]
[Result "1-0"]
[WhiteElo "2001"]
[BlackElo "2135"]

1. e4 c5 2. h3 Nc6 3. a3 e6 4. Bc4 d5 5. exd5 exd5 6. Bb5 Nf6 7. d4 cxd4 8. Qxd4
Qa5+ 9. Nc3 Bd7 10. Bxc6 bxc6 11. Qe5+ Be7 12. Nf3 Qc5 13. O-O O-O 14. Bf4 Rab8
15. Rab1 Rfe8 16. b4 Qc4 17. Qd4 Qa6 18. Bxb8 Rxb8 19. Ra1 Bf5 20. Ra2 Nd7 21.
Re1 Bf6 22. Qd2 1-0

[Event "AUTO-OPEN-3464"]
[Site "http://www.queenalice.com/game.php?id=1352308"]
[Date "2015.4.7"]
[Round "1"]
[White "deutscher_2503"]
[Black "yclaudiu35"]
[Result "0-1"]
[WhiteElo "2152"]
[BlackElo "1978"]

1. d4 d5 2. c4 dxc4 3. e4 b5 4. a4 c6 5. e5 Bb7 6. Nc3 a6 7. Nf3 e6 8. Be2 Bb4
9. O-O Bxc3 10. bxc3 Nd7 11. Ba3 h6 12. Nd2 Nb6 13. axb5 cxb5 14. Bf3 Bxf3 15.
Qxf3 Nd5 16. Ne4 Nge7 17. Nd6+ Kd7 18. Qg3 Qg8 19. f4 Nf5 20. Nxf5 exf5 21. Qf3
Ke6 0-1

[Event "AUTO-OPEN-3464"]
[Site "http://www.queenalice.com/game.php?id=1352329"]
[Date "2015.4.7"]
[Round "1"]
[White "Severynnas"]
[Black "deutscher_2503"]
[Result "1-0"]
[WhiteElo "1602"]
[BlackElo "2107"]

1. d4 d5 2. Nc3 Nf6 3. Nf3 Bg4 4. e3 e6 5. Be2 c5 6. h3 Bh5 7. O-O Be7 8. g4 Bg6
9. Ne5 Nc6 10. Bb5 O-O 11. dxc5 Nxe5 12. f3 Bxc5 13. f4 Nc4 14. Re1 Qb6 15. Bxc4
dxc4 16. b3 Rfd8 17. bxc4 Rxd1 18. Rxd1 Bxe3+ 19. Bxe3 1-0

[Event "AUTO-OPEN-3464"]
[Site "http://www.queenalice.com/game.php?id=1352330"]
[Date "2015.4.7"]
[Round "1"]
[White "deutscher_2503"]
[Black "Severynnas"]
[Result "0-1"]
[WhiteElo "2130"]
[BlackElo "1572"]

1. d4 e6 2. e4 d5 3. Nc3 Bb4 4. Bd3 Nc6 5. Ne2 Nge7 6. a3 Ba5 7. Bd2 O-O 8. O-O
dxe4 9. Nxe4 Bxd2 10. Qxd2 Nxd4 11. Nxd4 Qxd4 12. Nc3 f5 13. Rfe1 Nd5 14. Nxd5
exd5 15. c3 Qh4 16. Bc2 c6 17. Rad1 b5 18. Qe3 h6 19. Rd4 c5 0-1

[Event "AUTO-OPEN-3464"]
[Site "http://www.queenalice.com/game.php?id=1352341"]
[Date "2015.4.7"]
[Round "1"]
[White "Andrez"]
[Black "deutscher_2503"]
[Result "0-1"]
[WhiteElo "2091"]
[BlackElo "2119"]

1. g4 e5 2. d3 d5 3. g5 c5 4. Bg2 Nc6 5. h4 Be6 6. a3 f6 7. Nf3 Be7 8. Nc3 a6 9.
e4 d4 10. Ne2 h6 11. Ng3 Bg4 12. Nf5 Bxf5 13. exf5 hxg5 14. hxg5 Rxh1+ 15. Bxh1
fxg5 16. Qe2 Qd6 17. Nxg5 Qh6 18. Bxc6+ Qxc6 19. Qh5+ Kd7 20. Bd2 Nf6 21. Qh3
Qb5 22. O-O-O Rc8 23. f4 c4 24. fxe5 Qxe5 25. Re1 Qb5 26. dxc4 Qxc4 27. c3 dxc3
28. Qxc3 Qg8 29. Qxc8+ Qxc8+ 30. Bc3 Nd5 31. Rd1 Bxg5+ 0-1

[Event "AUTO-OPEN-3464"]
[Site "http://www.queenalice.com/game.php?id=1352342"]
[Date "2015.4.7"]
[Round "1"]
[White "deutscher_2503"]
[Black "Andrez"]
[Result "0-1"]
[WhiteElo "2153"]
[BlackElo "1948"]

1. d4 f5 2. e3 Nf6 3. c4 e6 4. Nf3 b6 5. Nc3 Bb7 6. Be2 Be7 7. O-O O-O 8. Bd2 a5
9. Qc2 Qe8 10. Nb5 Na6 11. a3 Qg6 12. Ne5 Qxg2# 0-1

[Event "Challenge"]
[Site "http://www.queenalice.com/game.php?id=1356577"]
[Date "2015.4.30"]
[Round "-"]
[White "Karrppov"]
[Black "deutscher_2503"]
[Result "0-1"]
[WhiteElo "2096"]
[BlackElo "2079"]

1. e4 c5 2. Nf3 Nc6 3. d4 cxd4 4. Nxd4 Nf6 5. Nc3 e6 6. Be2 Nxd4 7. Qxd4 Be7 8.
e5 Nd5 9. Nxd5 exd5 10. Qxd5 O-O 11. O-O d6 0-1